4-Letter 'CR' Words Quiz Stats

 Plays Quiz Updated Apr 9, 2018

Score 0/16 Timer 03:00
4 Plays Today
Word % Correct
crap
96.3%
crab
95.1%
cram
94.3%
craw
90.3%
crop
90.1%
crag
90%
crow
88.8%
crew
88.1%
Word % Correct
crib
87.8%
crud
82.8%
crit
82.4%
cred
81.9%
croc
80.4%
cris
75.5%
crux
68.6%
crus
67.7%

You're not logged in!

Compare scores with friends on all Sporcle quizzes.
OR
Log In

Sporcle TV

Today on Sporcle TV


Watch our educational content, quiz creation guides, and fun videos on Sporcle TV.

Show Comments

Extras

Top Quizzes Today


Score Distribution

Your Account Isn't Verified!

In order to create a playlist on Sporcle, you need to verify the email address you used during registration. Go to your Sporcle Settings to finish the process.

Report this User

Report this user for behavior that violates our Community Guidelines.

Details: